|
|
|
|
| LEADER |
00000nab a2200000 ar4500 |
| 001 |
vtls009350560 |
| 003 |
SK-MaSNL |
| 005 |
20260304163812.0 |
| 008 |
250507c2008 xo ur|p|||||||000 b|slo |
| 015 |
|
|
|a SNBRB2008/10
|2 snkbucl
|
| 035 |
|
|
|a (sysno)vtls009350560
|
| 035 |
|
|
|a urn:nbn:sk:snk-ab79u4
|
| 035 |
|
|
|a (uuid)c912f209-ec57-44ea-8b2a-f30456fa6e6f
|
| 035 |
|
|
|a (urnnbn)urn:nbn:sk:snk:ar-a07c6h
|
| 038 |
|
|
|a SNKBUCL
|
| 040 |
|
|
|a SNKBUCL
|b slo
|c SNKBUCL
|e AACR2
|
| 041 |
0 |
|
|a eng
|b eng
|
| 044 |
|
|
|a xo
|c SK
|
| 080 |
|
|
|a 338.48:379.845:658
|x (437.3)
|2 2001
|
| 080 |
|
|
|a 379.845
|x (437.3)
|2 2001
|
| 080 |
|
|
|a 658
|x (437.3)
|2 2001
|
| 080 |
|
|
|a 332.1:502.131.1
|x (437.3)
|2 2001
|
| 080 |
|
|
|a 502.131.1
|x (437.3)
|2 2001
|
| 080 |
|
|
|a 338.484
|x (437.3)
|2 2001
|
| 100 |
1 |
|
|a Šimková, Eva
|4 aut
|9 511186
|
| 245 |
1 |
0 |
|a Strategic approach within the rural tourism entrepreneurship in the Czech Republic
|c Eva Šimková
|
| 300 |
|
|
|b Sch., tab.
|
| 504 |
|
|
|a Bibliogr. odkazy
|
| 546 |
|
|
|a Res. angl.
|
| 650 |
0 |
7 |
|a vidiecky cestovný ruch
|2 snkbucl
|9 998
|
| 650 |
0 |
7 |
|a podnikanie
|2 snkbucl
|9 1757
|
| 650 |
0 |
7 |
|a vidiek
|2 snkbucl
|9 3814
|
| 650 |
0 |
7 |
|a trvalo udržateľný rozvoj
|2 snkbucl
|9 3353
|
| 651 |
|
7 |
|a Česko
|2 snkbucl
|9 16753
|
| 773 |
0 |
|
|t Ekonómia a podnikanie = Economics and Business
|g Roč. 2., č. 1 (2008), s. 29-36
|x 1337-4990
|
| 850 |
|
|
|a Slovenská národná knižnica
|
| 852 |
|
|
|a Slovenská národná knižnica
|
| 958 |
|
|
|a article27
|
| 958 |
|
|
|a NB
|
| 958 |
|
|
|a CZ
|
| 958 |
|
|
|a OND
|
| 958 |
|
|
|a EUIPO
|
| 999 |
|
|
|c 2978721
|d 2980651
|